000 01166nam0a2200337 4500
001 RU\NLR\bibl\1460808
005 20250615234744.0
010 _a978-5-98575-393-6
_9100
021 _aRU
_b2009-94592
_95995
035 _a(nilc)RSL-KNO-004416766
035 _a(NLR Aleph) 001452576
090 _a1532518
_c1532518
100 _a20091120d2009 |||y0rusy50 ca
101 0 _arus
102 _aRU
105 _aa |||||||||
200 1 _aСказки
_e[сборник сказок для детей дошкольного возраста]
_fЕвгений Филимонов
_g[рис. Е. Шмыгина]
210 _aМосква
_cИзд-во содружество А. Богатых и Э. Ракитской (Э.РА)
_d2009 (cop. 2008)
215 _a14, [1] с.
_cил.
_d21
686 _aШ9(2)6=Р70-2
_2rubbk
686 _aШ9(2)60=Р7-2
700 1 _aФилимонов
_bЕ.
_gЕвгений
_4070
702 1 _aШмыгина
_bЕ.
_4440
801 0 _aRU
_bРГБ
_c20091120
_grcr
801 1 _aRU
_bРГБ
_c20091120
801 2 _aRU
_bNLR
_c20100114
_grcr
942 _cBOOK
980 _aNB